000 00419cam a2200169 4500
001 D15161
008 090401t1971 xxu||||| |||| 00| 0 eng d
035 _a(Sirsi) u20641
041 _aeng
110 _aRoyal Institution of Chartered Surveyors
_94900
245 2 _aA career as a chartered surveyor
260 _bRICS
_c1971
350 _a0
520 _aFiled in box 1971/25 A
942 _n0
948 _c04/03/1997
999 _c87852
_d87852